[Event "9th RTU Open 2019"]
[Site "Riga"]
[Date "2019.08.08"]
[Round "6.32"]
[White "Faibisovich, Vadim Z"]
[Black "Handke, Florian"]
[Result "1/2-1/2"]
[WhiteElo "2302"]
[BlackElo "2544"]
[Annotator "ChessBase"]
[PlyCount "86"]
[EventDate "2019.08.05"]
[EventType "swiss"]
[EventCountry "LAT"]
[SourceTitle "playchess.com"]
[Source "ChessBase"]
[SourceQuality "1"]
[TimeControl "5400+30"]

1. e4 {[%emt 0:00:00]} c5 {[%emt 0:00:00]} 2. Nf3 {[%emt 0:00:00]} e6 {[%emt 0:00:00]} 3. Nc3 {[%emt 0:01:15]} Nc6 {[%emt 0:00:00]} 4. d4 {[%emt 0:00:31]} cxd4 {[%emt 0:00:00]} 5. Nxd4 {[%emt 0:00:14]} Nf6 {[%emt 0:00:00]} 6. Ndb5 {[%emt 0:07:26]} d6 {[%emt 0:00:00]} 7. Bf4 {[%emt 0:07:39]} e5 {[%emt 0:00:00]} 8. Bg5 {[%emt 0:00:10]} a6 {[%emt 0:00:05]} 9. Na3 {[%emt 0:00:14]} b5 {[%emt 0:00:04]} 10. Nd5 {[%emt 0:01:39]} Be7 {[%emt 0:00:05]} 11. Bxf6 {[%emt 0:00:28]} Bxf6 {[%emt 0:00:04]} 12. c3 {[%emt 0:00:56]} Bg5 {[%emt 0:01:36]} 13. Nc2 {[%emt 0:00:59]} Rb8 {[%emt 0:00:10]} 14. Be2 {[%emt 0:04:16]} O-O {[%emt 0:00:23]} 15. O-O {[%emt 0:00:14]} Kh8 {[%emt 0:00:55]} 16. Nce3 {[%emt 0:05:24]} g6 {[%emt 0:01:07]} 17. Qd3 {[%emt 0:04:04]} a5 {[%emt 0:06:43]} 18. a3 {[%emt 0:05:58]} Be6 {[%emt 0:07:13]} 19. Rad1 {[%emt 0:01:19]} Qd7 {[%emt 0:06:55]} 20. g3 {[%emt 0:02:40]} b4 {[%emt 0:20:33]} 21. axb4 {[%emt 0:00:15]} axb4 {[%emt 0:00:05]} 22. f4 {[%emt 0:05:09]} exf4 {[%emt 0:02:08]} 23. gxf4 {[%emt 0:00:15]} Bh6 {[%emt 0:00:33]} 24. cxb4 {[%emt 0:00:34]} Bg7 {[%emt 0:03:32]} 25. b5 {[%emt 0:03:06]} Nd4 {[%emt 0:02:32]} 26. b6 {[%emt 0:00:21]} f5 {[%emt 0:01:40]} 27. Rf2 {[%emt 0:06:22]} fxe4 {[%emt 0:23:29]} 28. Qxe4 {[%emt 0:00:11]} Nf5 {[%emt 0:07:41]} 29. Bf3 {[%emt 0:10:23]} Nxe3 {[%emt 0:00:32]} 30. Qxe3 {[%emt 0:00:25]} Bxd5 {[%emt 0:00:52]} 31. Rxd5 {[%emt 0:00:38]} Rfe8 {[%emt 0:02:01]} 32. Qb3 {[%emt 0:07:59]} Qh3 {[%emt 0:02:57]} 33. Qd1 {[%emt 0:00:15]} Rxb6 {[%emt 0:00:27]} 34. Bg2 {[%emt 0:08:52]} Qe3 {[%emt 0:01:23]} 35. Qd2 {[%emt 0:01:08]} Qe7 {[%emt 0:01:57]} 36. b4 {[%emt 0:01:14]} Qa7 {[%emt 0:01:48]} 37. b5 {[%emt 0:01:21]} Qa1+ {[%emt 0:04:13]} 38. Rf1 {[%emt 0:00:13]} Qa4 {[%emt 0:00:36]} 39. f5 {[%emt 0:02:28]} gxf5 {[%emt 0:03:02]} 40. Rdxf5 {[%emt 0:00:29]} Rxb5 {[%emt 0:00:52]} 41. Rxb5 {[%emt 0:00:40]} Qxb5 {[%emt 0:00:04]} 42. Qxd6 {[%emt 0:00:18]} Qg5 {[%emt 0:00:33]} 43. Qf4 {[%emt 0:01:28]} Qxf4 {[%emt 0:01:04]} 1/2-1/2

[Event "9th RTU Open 2019"]
[Site "Riga"]
[Date "2019.08.08"]
[Round "6.33"]
[White "Stany, G.A."]
[Black "Cabezas Ayala, Ivan"]
[Result "1/2-1/2"]
[WhiteElo "2525"]
[BlackElo "2311"]
[Annotator "ChessBase"]
[PlyCount "43"]
[EventDate "2019.08.05"]
[EventType "swiss"]
[EventCountry "LAT"]
[SourceTitle "playchess.com"]
[Source "ChessBase"]
[SourceQuality "1"]
[TimeControl "5400+30"]

1. e4 {[%emt 0:00:59]} e5 {[%emt 0:00:21]} 2. Nf3 {[%emt 0:00:04]} Nc6 {[%emt 0:00:05]} 3. Bb5 {[%emt 0:00:06]} Nf6 {[%emt 0:00:09]} 4. Qe2 {[%emt 0:00:34]} Bc5 {[%emt 0:06:24]} 5. c3 {[%emt 0:00:06]} O-O {[%emt 0:01:31]} 6. O-O {[%emt 0:00:28]} Re8 {[%emt 0:03:29]} 7. d3 {[%emt 0:00:17]} h6 {[%emt 0:01:30]} 8. Nbd2 {[%emt 0:00:38]} a6 {[%emt 0:00:47]} 9. Ba4 {[%emt 0:00:53]} b5 {[%emt 0:00:38]} 10. Bb3 {[%emt 0:00:37]} d6 {[%emt 0:00:37]} 11. a4 {[%emt 0:00:45]} Be6 {[%emt 0:02:22]} 12. Bc2 {[%emt 0:02:53]} Bb6 {[%emt 0:01:53]} 13. Nb3 {[%emt 0:10:30]} Qe7 {[%emt 0:07:32]} 14. Be3 {[%emt 0:01:11]} Bxe3 {[%emt 0:01:07]} 15. fxe3 {[%emt 0:01:22]} d5 {[%emt 0:01:32]} 16. exd5 {[%emt 0:01:28]} Nxd5 {[%emt 0:00:09]} 17. axb5 {[%emt 0:21:42]} axb5 {[%emt 0:00:08]} 18. Rxa8 {[%emt 0:00:03]} Rxa8 {[%emt 0:00:08]} 19. d4 {[%emt 0:00:03]} exd4 {[%emt 0:07:21]} 20. exd4 {[%emt 0:02:23]} Bd7 {[%emt 0:11:05]} 21. Be4 {[%emt 0:14:47]} Re8 {[%emt 0:03:00]} 22. Ne5 {[%emt 0:02:19]} 1/2-1/2

[Event "9th RTU Open 2019"]
[Site "Riga"]
[Date "2019.08.09"]
[Round "7.1"]
[White "Kovalenko, Igor"]
[Black "Deepan Chakkravarthy J."]
[Result "1-0"]
[WhiteElo "2654"]
[BlackElo "2532"]
[Annotator "TA"]
[PlyCount "107"]
[EventDate "2019.08.05"]
[EventType "swiss"]
[EventCountry "LAT"]
[SourceTitle "playchess.com"]
[Source "ChessBase"]
[SourceQuality "1"]

{[%evp 12,107,1,14,12,14,19,13,13,0,18,27,16,23,29,19,24,12,9,29,47,51,64,66,122,118,150,120,150,151,157,148,149,146,143,141,215,222,250,229,279,285,280,164,193,193,315,321,308,322,311,309,331,294,328,325,322,317,317,268,288,243,240,251,228,202,319,307,313,308,324,322,333,292,295,306,366,314,350,278,551,548,578,575,547,508,721,702,706,697,5197,5214,5073,5214,29970,29969,29977,29978]} 1. c4 Nf6 2. Nf3 e6 3. d4 b6 4. Nc3 Bb4 5. e3 O-O 6. Bd3 d5 7. O-O Ba6 {E52: Nimzo-Indian: Rubinstein: 4...0-0 5 Nf3 d5 6 Bd3 b6} (7... Bb7 8. cxd5 exd5 9. a3 Bd6 10. b4 Nbd7 11. Qb3 Re8 12. a4 Rb8 13. Nb5 Bf8 14. Nxa7 c6 15. b5 c5 16. Nc6 Bxc6 17. bxc6 c4 18. Qb5 cxd3 19. cxd7 Qxd7 20. Qxd3 {1-0 (41) Salem,A (2660)-Najer,E (2670) St Petersburg 2018}) 8. cxd5 exd5 9. Bxa6 Nxa6 {The position is equal.} 10. Bd2 c5 11. Qa4 Nc7 12. dxc5 bxc5 13. Rfd1 Qe7 14. Rac1 $146 ({Predecessor:} 14. a3 a5 15. axb4 axb4 {½-½ (32) Salzmann,S (2271)-Cumming,D (2306) ICCF email 2017}) 14... Rfd8 15. a3 Bxc3 16. Bxc3 Ne4 17. Ba5 Rd6 (17... Rac8 $14) 18. Qb3 $16 Rad8 19. Nd2 h5 20. Qb7 $36 {[%mdl 2048] White is in control.} R8d7 21. Nxe4 ({Don't take} 21. Qxa7 $6 Ne8 $14) 21... dxe4 22. Rxd6 Qxd6 23. h3 f5 (23... Nd5 $16 24. Qb5 Ne7 25. Qxc5 Qxc5 26. Rxc5 Nd5) 24. Qxa7 $18 Ne6 25. Qa8+ Kh7 26. Qe8 Kh6 27. Bc3 (27. b4 $142) 27... Rd8 28. Qf7 Qd5 (28... Rf8 $142 29. Qa7 Rd8) 29. Rc2 {And now Rd2 would win.} Qd1+ 30. Kh2 Qd6+ 31. g3 {Hoping for Rd2.} Rd7 32. Rd2 Qxg3+ 33. Kxg3 Rxf7 {[%mdl 4096] Endgame KRB-KRN} 34. Rd6 Re7 35. h4 Kg6 36. Rd5 Ra7 37. Re5 Ra6 {[#]} 38. a4 $1 {[%mdl 512]} Rc6 (38... f4+ $142 39. Kg2 (39. exf4 Nd4 $16) 39... Kf7) (38... Rxa4 39. Rxe6+) 39. Rd5 Ra6 {[#]} 40. a5 $1 Ra7 41. Kg2 Ra6 42. Kg1 Rc6 43. Kf1 c4 44. Rb5 Nc5 45. Kg2 Ne6 $2 (45... Kf7 46. Bd4 Ne6 47. Rxf5+ {[%mdl 64] Double Attack} Kg6) 46. Kg3 Rd6 47. Rb6 f4+ 48. exf4 Rd3+ 49. Kh2 Kf5 50. a6 {[%cal Ba5a6,Ba6a7][%mdl 32]} Nxf4 51. Rb5+ Kg4 52. Rg5+ Kxh4 53. Rg3 Nd5 54. a7 {Accuracy: White = 96%, Black = 38%.} 1-0

[Event "9th RTU Open 2019"]
[Site "Riga"]
[Date "2019.08.09"]
[Round "7.2"]
[White "Sulskis, Sarunas"]
[Black "Gopal G.N."]
[Result "1/2-1/2"]
[WhiteElo "2528"]
[BlackElo "2594"]
[Annotator "ChessBase"]
[PlyCount "42"]
[EventDate "2019.08.05"]
[EventType "swiss"]
[EventCountry "LAT"]
[SourceTitle "playchess.com"]
[Source "ChessBase"]
[SourceQuality "1"]
[TimeControl "5400+30"]

1. e4 {[%emt 0:00:00]} c5 {[%emt 0:00:00]} 2. Nf3 {[%emt 0:00:00]} d6 {[%emt 0:00:00]} 3. Bb5+ {[%emt 0:00:07]} Nd7 {[%emt 0:00:00]} 4. O-O {[%emt 0:00:10]} a6 {[%emt 0:01:07]} 5. Bd3 {[%emt 0:00:26]} Ngf6 {[%emt 0:01:11]} 6. c3 {[%emt 0:06:02]} b5 {[%emt 0:10:30]} 7. a4 {[%emt 0:11:25]} Bb7 {[%emt 0:07:51]} 8. axb5 {[%emt 0:15:46]} axb5 {[%emt 0:00:46]} 9. Rxa8 {[%emt 0:00:09]} Qxa8 {[%emt 0:01:51]} 10. Bxb5 {[%emt 0:06:05]} Bxe4 {[%emt 0:01:25]} 11. Na3 {[%emt 0:00:50]} g6 {[%emt 0:14:53]} 12. d4 {[%emt 0:02:38]} cxd4 {[%emt 0:20:19]} 13. Qxd4 {[%emt 0:18:55]} Bxf3 {[%emt 0:08:22]} 14. gxf3 {[%emt 0:00:20]} Qxf3 {[%emt 0:01:57]} 15. Re1 {[%emt 0:02:24]} e5 {[%emt 0:13:19]} 16. Nc4 {[%emt 0:07:50]} Kd8 {[%emt 0:07:00]} 17. Qa7 {[%emt 0:07:31]} Qg4+ {[%emt 0:00:05]} 18. Kf1 {[%emt 0:01:47]} Qh3+ {[%emt 0:00:15]} 19. Kg1 {[%emt 0:00:23]} Qg4+ {[%emt 0:00:05]} 20. Kf1 {[%emt 0:00:06]} Qh3+ {[%emt 0:00:03]} 21. Kg1 {[%emt 0:00:21]} Qg4+ {[%emt 0:00:11]} 1/2-1/2

[Event "9th RTU Open 2019"]
[Site "Riga"]
[Date "2019.08.09"]
[Round "7.3"]
[White "Nevednichy, Vladislav"]
[Black "Puranik, Abhimanyu"]
[Result "1/2-1/2"]
[WhiteElo "2531"]
[BlackElo "2550"]
[Annotator "TA"]
[PlyCount "94"]
[EventDate "2019.08.05"]
[EventType "swiss"]
[EventCountry "LAT"]
[SourceTitle "playchess.com"]
[Source "ChessBase"]
[SourceQuality "1"]

{[%evp 11,94,12,30,20,19,9,29,36,29,27,42,43,43,42,64,50,86,84,75,44,93,86,208,199,211,217,210,190,182,171,183,118,165,158,186,168,167,147,216,174,191,172,213,202,204,206,199,183,187,215,208,182,166,114,115,115,116,116,116,104,104,104,122,104,104,97,97,91,91,91,105,32,50,51,56,2,2,2,2,2,2,0,2,0,2]} 1. e4 e5 2. Nf3 Nc6 3. d4 exd4 4. Nxd4 Bc5 5. Nxc6 Qf6 6. Qf3 dxc6 7. Bc4 {C45: Scotch Game} (7. Nc3 Be6 8. a3 O-O-O 9. Be3 Bxe3 10. Qxe3 Kb8 11. f4 Nh6 12. Bd3 Qe7 13. O-O-O f6 14. Rhe1 Nf7 {½-½ (58) Nepomniachtchi,I (2763)-Wang,H (2730) St Petersburg 2018}) 7... Qxf3 8. gxf3 Be6 (8... Nf6 {is more complex.} 9. Rg1 O-O 10. Nc3 Re8 11. Bf4 b5) 9. Bxe6 {White has an edge.} fxe6 10. Be3 Bd6 11. h4 Nf6 12. h5 Ke7 $146 ({Predecessor:} 12... O-O 13. Nd2 Nd7 14. Ke2 Rf7 {½-½ (57) Akhmetgaleev,A (1802)-Garafutdinov,A (2108) Kazan 2016}) 13. Nd2 g6 14. hxg6 hxg6 15. Ke2 (15. Rg1 {feels hotter.} Kf7 16. Nc4 b5 17. Na5 c5 18. Ke2) 15... Rh5 16. f4 {Threatens to win with e5.} Rxh1 (16... e5 $16) 17. Rxh1 $18 Nh5 18. e5 $1 Bb4 19. c3 Ba5 20. Ne4 Bb6 21. Ng3 (21. Kf3 $18) 21... Rh8 22. Kf3 Kf7 23. Kg4 Rg8 24. c4 {Hoping for c5.} ({But not} 24. Nxh5 $6 gxh5+ 25. Kf3 Kg6 $14) 24... Nxg3 (24... Bxe3 $16 25. fxe3 Nxg3 26. Kxg3 c5) 25. Rh7+ $1 ({Don't do} 25. Kxg3 $6 c5 $16) 25... Rg7 26. Rxg7+ Kxg7 27. Bxb6 {[%mdl 4096] Endgame KB-KN} (27. Kxg3 c5 $14) 27... Ne2 28. Be3 $1 ({Not} 28. Bxc7 Nc1 $14) 28... c5 29. Bxc5 Nc1 30. Bxa7 Nxa2 31. Bb8 $1 c6 {[#]} 32. Bd6 (32. Kf3 $1 $18) 32... Nc1 $16 {[#]} 33. Kf3 $1 Nd3 34. b3 Kf7 35. Ba3 Ne1+ 36. Ke4 Ke8 37. Bc5 Ng2 38. b4 Nh4 39. b5 cxb5 40. cxb5 Nf5 41. Be3 (41. Kd3 $16) 41... Kd7 $14 42. Kd3 Ne7 $1 43. Kc4 (43. Ke2 $14) 43... Nd5 $11 {The position is equal.} 44. Kc5 Kc7 45. Bd2 Kd7 46. Be3 Kc7 47. Bd2 Kd7 {Accuracy: White = 71%, Black = 69%.} 1/2-1/2

[Event "9th RTU Open 2019"]
[Site "Riga"]
[Date "2019.08.09"]
[Round "7.4"]
[White "Meshkovs, Nikita"]
[Black "Pultinevicius, Paulius"]
[Result "1/2-1/2"]
[WhiteElo "2550"]
[BlackElo "2481"]
[Annotator "ChessBase"]
[PlyCount "165"]
[EventDate "2019.08.05"]
[EventType "swiss"]
[EventCountry "LAT"]
[SourceTitle "playchess.com"]
[Source "ChessBase"]
[SourceQuality "1"]
[TimeControl "5400+30"]

1. Nf3 {[%emt 0:00:00]} Nf6 {[%emt 0:01:21]} 2. c4 {[%emt 0:00:00]} g6 {[%emt 0:00:03]} 3. Nc3 {[%emt 0:00:04]} d5 {[%emt 0:00:03]} 4. cxd5 {[%emt 0:00:16]} Nxd5 {[%emt 0:00:04]} 5. Qb3 {[%emt 0:00:15]} Nb6 {[%emt 0:00:04]} 6. d4 {[%emt 0:00:12]} Bg7 {[%emt 0:00:03]} 7. Bf4 {[%emt 0:00:22]} O-O {[%emt 0:03:55]} 8. e3 {[%emt 0:04:47]} Be6 {[%emt 0:04:19]} 9. Qa3 {[%emt 0:00:38]} a5 {[%emt 0:01:34]} 10. Be2 {[%emt 0:09:20]} Nc6 {[%emt 0:03:30]} 11. Rc1 {[%emt 0:02:33]} Nb4 {[%emt 0:03:02]} 12. b3 {[%emt 0:03:51]} Bg4 {[%emt 0:26:13]} 13. O-O {[%emt 0:04:04]} Bxf3 {[%emt 0:01:31]} 14. Bxf3 {[%emt 0:01:13]} Nd3 {[%emt 0:01:07]} 15. Bxb7 {[%emt 0:01:21]} Rb8 {[%emt 0:09:34]} 16. Be4 {[%emt 0:04:50]} Nxf4 {[%emt 0:00:55]} 17. exf4 {[%emt 0:00:12]} Qxd4 {[%emt 0:08:33]} 18. Qxa5 {[%emt 0:01:09]} c5 {[%emt 0:01:53]} 19. Rfd1 {[%emt 0:10:23]} Qb4 {[%emt 0:00:14]} 20. Qxb4 {[%emt 0:00:07]} cxb4 {[%emt 0:00:04]} 21. Nb5 {[%emt 0:01:31]} Nc8 {[%emt 0:02:15]} 22. Rc5 {[%emt 0:03:38]} e6 {[%emt 0:03:26]} 23. Rd7 {[%emt 0:10:21]} Bf6 {[%emt 0:02:01]} 24. Rb7 {[%emt 0:02:12]} Rd8 {[%emt 0:00:49]} 25. Kf1 {[%emt 0:05:05]} Rxb7 {[%emt 0:00:05]} 26. Bxb7 {[%emt 0:00:04]} Nd6 {[%emt 0:00:08]} 27. Nxd6 {[%emt 0:06:59]} Rxd6 {[%emt 0:00:04]} 28. Rc2 {[%emt 0:00:08]} Rd7 {[%emt 0:01:37]} 29. Bc6 {[%emt 0:01:07]} Rc7 {[%emt 0:00:38]} 30. Rc4 {[%emt 0:00:02]} Be7 {[%emt 0:00:29]} 31. Ke2 {[%emt 0:00:02]} Kf8 {[%emt 0:01:11]} 32. Kd3 {[%emt 0:01:06]} Bd6 {[%emt 0:00:43]} 33. g3 {[%emt 0:00:29]} Ke7 {[%emt 0:00:22]} 34. Kd4 {[%emt 0:00:39]} Ra7 {[%emt 0:01:21]} 35. Ba4 {[%emt 0:00:07]} Ra5 {[%emt 0:00:51]} 36. Rc2 {[%emt 0:08:30]} Rd5+ {[%emt 0:01:41]} 37. Ke3 {[%emt 0:00:13]} Rc5 {[%emt 0:01:51]} 38. Rd2 {[%emt 0:00:01]} Rc3+ {[%emt 0:01:45]} 39. Ke2 {[%emt 0:00:02]} Rc5 {[%emt 0:01:09]} 40. h4 {[%emt 0:01:24]} Rd5 {[%emt 0:05:12]} 41. Rb2 {[%emt 0:01:02]} Rc5 {[%emt 0:00:30]} 42. Kf3 {[%emt 0:00:01]} Rc3+ {[%emt 0:00:40]} 43. Kg2 {[%emt 0:00:01]} Rc5 {[%emt 0:00:35]} 44. Re2 {[%emt 0:00:02]} Kf6 {[%emt 0:00:44]} 45. Rb2 {[%emt 0:02:33]} Ke7 {[%emt 0:00:30]} 46. Kf3 {[%emt 0:00:01]} Rc3+ {[%emt 0:00:19]} 47. Ke2 {[%emt 0:00:01]} Rc5 {[%emt 0:00:16]} 48. Kd1 {[%emt 0:00:01]} Rd5+ {[%emt 0:00:22]} 49. Ke1 {[%emt 0:01:29]} Rc5 {[%emt 0:00:07]} 50. Re2 {[%emt 0:00:10]} Kf6 {[%emt 0:01:08]} 51. Kd1 {[%emt 0:00:57]} Ke7 {[%emt 0:00:32]} 52. Rb2 {[%emt 0:03:11]} Rd5+ {[%emt 0:00:09]} 53. Ke2 {[%emt 0:00:01]} Rc5 {[%emt 0:00:12]} 54. Kf3 {[%emt 0:00:43]} Rc3+ {[%emt 0:00:06]} 55. Kg2 {[%emt 0:00:07]} Rc5 {[%emt 0:00:05]} 56. Rd2 {[%emt 0:00:18]} Rd5 {[%emt 0:00:49]} 57. Rxd5 {[%emt 0:00:01]} exd5 {[%emt 0:00:07]} 58. Kf3 {[%emt 0:00:02]} f5 {[%emt 0:02:41]} 59. Bc6 {[%emt 0:01:22]} Ke6 {[%emt 0:00:10]} 60. Be8 {[%emt 0:00:27]} Ke7 {[%emt 0:00:23]} 61. Bc6 {[%emt 0:00:11]} Ke6 {[%emt 0:00:16]} 62. g4 {[%emt 0:00:13]} fxg4+ {[%emt 0:01:03]} 63. Kxg4 {[%emt 0:00:02]} Bc5 {[%emt 0:00:35]} 64. Kg3 {[%emt 0:03:07]} Bb6 {[%emt 0:00:23]} 65. Bb7 {[%emt 0:01:54]} Bc5 {[%emt 0:00:08]} 66. Bc8+ {[%emt 0:00:31]} Kf6 {[%emt 0:00:10]} 67. Bh3 {[%emt 0:00:37]} Bb6 {[%emt 0:00:21]} 68. Bg2 {[%emt 0:00:12]} Ke6 {[%emt 0:00:08]} 69. Bf3 {[%emt 0:00:07]} Bc5 {[%emt 0:01:46]} 70. Be2 {[%emt 0:00:21]} Bb6 {[%emt 0:00:11]} 71. Ba6 {[%emt 0:00:34]} Bc5 {[%emt 0:00:09]} 72. Bf1 {[%emt 0:04:59]} Bb6 {[%emt 0:00:04]} 73. Bb5 {[%emt 0:00:12]} Bc5 {[%emt 0:00:05]} 74. Bd3 {[%emt 0:00:08]} Bb6 {[%emt 0:00:24]} 75. f3 {[%emt 0:00:10]} Kf6 {[%emt 0:00:24]} 76. h5 {[%emt 0:01:12]} gxh5 {[%emt 0:00:22]} 77. Bxh7 {[%emt 0:00:59]} Be3 {[%emt 0:00:12]} 78. Bg8 {[%emt 0:01:08]} d4 {[%emt 0:00:05]} 79. Bh7 {[%emt 0:00:22]} Bc1 {[%emt 0:00:07]} 80. Bd3 {[%emt 0:00:41]} Be3 {[%emt 0:00:14]} 81. Kh4 {[%emt 0:00:20]} Bxf4 {[%emt 0:00:06]} 82. Kxh5 {[%emt 0:00:02]} Ke5 {[%emt 0:00:12]} 83. Kg4 {[%emt 0:00:46]} 1/2-1/2

[Event "9th RTU Open 2019"]
[Site "Riga"]
[Date "2019.08.09"]
[Round "7.5"]
[White "Mikaelyan, Arman"]
[Black "Hovhannisyan, Robert"]
[Result "1-0"]
[WhiteElo "2454"]
[BlackElo "2640"]
[Annotator "TA"]
[PlyCount "107"]
[EventDate "2019.08.05"]
[EventType "swiss"]
[EventCountry "LAT"]
[SourceTitle "playchess.com"]
[Source "ChessBase"]
[SourceQuality "1"]

{[%evp 22,107,-31,-37,-14,-22,86,90,216,210,211,234,547,347,328,322,541,264,268,276,258,259,467,87,137,79,124,112,105,64,56,60,109,108,113,110,117,111,123,102,100,91,115,121,129,129,129,125,131,150,235,232,235,241,244,254,255,255,275,160,591,583,573,568,726,637,8989,1402,8691,6711,11743,6700,7868,3275,6075,5700,5089,5065,1049,882,29975,29976,29976,29977,29976,29975,29978,29979]} 1. e4 c5 2. Nf3 d6 3. Nc3 a6 4. d4 cxd4 5. Nxd4 Nf6 6. Bc4 e6 7. O-O Be7 8. f4 b5 9. Bb3 O-O 10. e5 dxe5 11. fxe5 Nfd7 12. Be3 {Black must now prevent Rxf7!} Bb7 {B87: Sicilian Scheveningen/Najdorf: 6 Bc4, with early ...b5} 13. Qh5 {Strongly threatening Rxf7!} g6 (13... Bc5 $11) 14. Qh3 $16 {Rxf7! is the strong threat.} Nc5 {[#]} (14... Bg5 $16 {was worth a try.}) 15. Rxf7 $1 $18 {[%mdl 512]} Rxf7 16. Nxe6 Qb6 $2 ({Avoid the trap} 16... Nxe6 $2 17. Qxe6 Kh8 18. Qxf7 $18) (16... Qc8 {is a better chance.} 17. Nxc5 {[%mdl 64] Discovered Attack} Qxh3 18. gxh3 (18. Bxf7+ Kxf7 19. gxh3 Bxc5 $16) 18... Bxc5 19. Bxc5 (19. Bxf7+ Kxf7 20. e6+ Kxe6 $16) 19... Kg7 20. Bxf7 Kxf7) 17. Nxc5 Bxc5 18. Bxf7+ {[#]} Kh8 $146 (18... Kxf7 19. Qxh7+ Ke8 20. Qh8+ Ke7 21. Qf6+ {[%mdl 64] Deflection} Qxf6 22. Bxc5+ (22. exf6+ Kd6 $16) 22... Kf7 23. exf6 Nd7) ({Predecessor:} 18... Kxf7 19. Qxh7+ {1-0 (35) Lukin,A (2420)-Zagrebelny,S (2510) Yalta 1995}) 19. Bxc5 (19. Nd5 $142 Bxe3+ 20. Nxe3) 19... Qxc5+ 20. Kh1 Qxe5 21. Rf1 {aiming for Bxg6.} Qg7 $2 {[#]} (21... Nc6 {keeps fighting.} 22. Bxg6 Qg7) 22. Bb3 $2 (22. Ne4 $1 $18 {[%mdl 512]}) 22... Nc6 23. Bd5 ({White should try} 23. Ne4 Rf8 24. Rxf8+ Qxf8 25. Qc3+ Qg7 26. Qc5) 23... Re8 24. Ne4 {Hoping for Nd6.} Nd8 25. Nd6 Qf6 $1 {[%cal Rf6f1]} 26. Qf3 (26. Rxf6 $2 {leads to mate.} Re1+ 27. Rf1 Rxf1#) 26... Qxf3 27. Bxf3 Re7 28. Nxb7 Nxb7 $16 {[%mdl 4096] Endgame KRB-KRN} 29. Kg1 Rc7 30. Rf2 Nd6 31. Bd5 Nc4 32. Bxc4 Rxc4 {KR-KR} 33. Kf1 Kg7 34. Ke1 h5 35. Kd2 h4 (35... Ra4 $16) 36. Kd3 $18 Ra4 37. a3 g5 {[#]} 38. Re2 $1 Rf4 39. b3 {[%cal Bb2b3,Bb3c4,Bc4c5,Bc5c6][%mdl 32]} Kf6 40. c4 bxc4+ $2 (40... Rf1 $16 41. c5 a5) 41. bxc4 Rf1 42. c5 Ra1 43. Kd4 Rxa3 44. c6 Ra1 45. Kc5 Rc1+ 46. Kb6 Rb1+ 47. Kxa6 (47. Ka7 $142 Rc1 48. Kb7 Rb1+ 49. Kxa6) 47... Ra1+ 48. Kb7 Rb1+ 49. Kc8 Rb4 50. c7 Rb3 51. Kd8 {White mates.} Rd3+ 52. Ke8 Rc3 53. Re7 h3 54. gxh3 {Accuracy: White = 73%, Black = 25%.} 1-0

[Event "9th RTU Open 2019"]
[Site "Riga"]
[Date "2019.08.09"]
[Round "7.6"]
[White "Abasov, Nijat"]
[Black "Stremavicius, Titas"]
[Result "1/2-1/2"]
[WhiteElo "2641"]
[BlackElo "2474"]
[Annotator "TA"]
[PlyCount "66"]
[EventDate "2019.08.05"]
[EventType "swiss"]
[EventCountry "LAT"]
[SourceTitle "playchess.com"]
[Source "ChessBase"]
[SourceQuality "1"]

{[%evp 13,66,46,41,41,34,37,32,43,33,47,96,97,87,60,70,49,50,0,28,2,10,-21,0,0,0,0,0,0,0,0,0,0,0,0,0,0,0,0,0,0,0,-8,-8,-36,-33,-23,-23,-68,0,0,0,0,0,-67,-66]} 1. e4 d6 2. d4 Nf6 3. Nc3 g6 4. Bf4 c6 5. Qd2 Nbd7 6. Nf3 Bg7 7. Bh6 O-O 8. h4 {B08: Pirc Defence: Classical System} (8. O-O-O Qa5 9. h4 b5 10. Bxg7 Kxg7 11. e5 dxe5 12. dxe5 Ng4 13. h5 b4 14. hxg6 hxg6 15. Nb1 Nc5 16. Qf4 Be6 17. Nd4 Qxa2 18. Be2 Na4 19. Bxg4 Qxb2+ 20. Kd2 Rh8 21. Bxe6 {1-0 (21) Vitiugov,N (2720)-Harsha,B (2481) Caleta 2019}) 8... Bxh6 9. Qxh6 {Black must now prevent Ng5.} Ng4 10. Qd2 {White is slightly better.} h5 11. Ng5 e5 12. f3 Ngf6 13. a4 $146 ({Predecessor:} 13. Be2 Qb6 14. O-O-O Qxd4 15. Qxd4 exd4 16. Rxd4 {½-½ (26) Lange,S (1992)-Rudolph,A (2213) Germany 2001}) 13... Qa5 14. dxe5 dxe5 15. Qd6 Qc5 16. O-O-O a5 17. Be2 Kg7 18. g4 Qxd6 19. Rxd6 hxg4 20. fxg4 Nc5 21. h5 {[#] h6+ is the strong threat.} Ne6 22. h6+ Kh8 $1 23. Nxe6 Bxe6 24. g5 Nh7 25. Rg1 Rad8 26. Rxd8 Rxd8 27. Bd3 Rf8 28. Kd2 f6 29. gxf6 Rxf6 30. Ke3 Nf8 (30... g5 $15) 31. Nb1 $11 Kh7 32. Nd2 Kxh6 33. Nf3 ({Better is} 33. b3 $11) 33... Nd7 {Accuracy: White = 52%, Black = 69%.} 1/2-1/2

[Event "9th RTU Open 2019"]
[Site "Riga"]
[Date "2019.08.09"]
[Round "7.7"]
[White "Lagunow, Raphael"]
[Black "Tari, Aryan"]
[Result "1/2-1/2"]
[WhiteElo "2427"]
[BlackElo "2620"]
[Annotator "TA"]
[PlyCount "42"]
[EventDate "2019.08.05"]
[EventType "swiss"]
[EventCountry "LAT"]
[SourceTitle "playchess.com"]
[Source "ChessBase"]
[SourceQuality "1"]

{[%evp 10,42,25,16,19,4,0,4,16,-16,-15,-3,-16,-25,-20,-33,-18,-26,-1,-11,-7,-12,14,19,0,19,16,22,25,20,114,108,114,104,118]} 1. e4 c6 2. d4 d5 3. e5 Bf5 4. Nf3 e6 5. Nbd2 Nd7 6. Nb3 Qc7 {B12: Caro-Kann: Advance Variation} (6... Ne7 7. Be2 h6 8. a4 Qc7 9. O-O g5 10. a5 O-O-O 11. Bd2 a6 12. c4 dxc4 13. Bxc4 Nd5 14. Qe2 {0-1 (38) Movsesian,S (2629)-Shankland,S (2725) chess.com INT 2019}) 7. c3 f6 {[%cal Rf6e5]} 8. Bf4 O-O-O {The position is equal.} 9. Qe2 $146 ({Predecessor:} 9. Qd2 g5 10. Bg3 g4 11. exf6 Bd6 12. Ng5 Rf8 13. f7 Ngf6 {1-0 (34) Fedoseev,V (2203)-Toder,D (2198) Peterhof 2009}) 9... fxe5 10. Nxe5 {[#] Hoping for g4.} Bd6 11. g3 Bxe5 12. Bxe5 Nxe5 13. Qxe5 Nf6 14. Qxc7+ Kxc7 15. f3 g5 16. g4 Bg6 17. h4 gxh4 18. Rxh4 h5 19. g5 Ne8 (19... Nh7 $11 {remains equal.}) 20. Nc5 $16 Ng7 21. Bd3 Bxd3 {Accuracy: White = 67%, Black = 56%.} 1/2-1/2